• 首页
  • 本馆介绍
  • 公告通知
  • 最新文献
  • 馆藏检索
  • 电子资源
  • 读者导购
  • 参考咨询
  • 我的图书馆
  • 登录
  • 详细信息显示
  • 放入我的书架
  • 预约/预借图书
  • 作者相关作品
  • 分类相关作品
  • 丛书相关作品
  • 出版社相关作品

书目信息

  • 表格格式
  • 工作单格式
  • 卡片格式
题名:
大唐帝国的黄昏
    
 
作者: 何文韬 著
分册:  
出版信息: 北京   中国时代经济出版社  2011
页数: 236页
开本: 24cm
丛书名:
单 册:
中图分类: K242.09
科图分类:
主题词: 唐代--历史--通俗读物 , 唐代 , 历史
电子资源:
ISBN: 978-7-80221-506-1
000 00799nam0 2200253 45
001 1237616481
005 20120619095550.39
010    @a978-7-80221-506-1@dCNY28.00
100    @a20120406d2011 em y0chiy0110 ea
101 0  @achi
102    @aCN@b110000
105    @aa z 000yy
106    @ar
200 1  @a大唐帝国的黄昏@ADa Tang Di Guo De Huang Hun@f何文韬著@FHe Wen Tao Zhu
210    @a北京@c中国时代经济出版社@d2011
215    @a236页@c图@d24cm
330    @a本书全景展现了中晚唐历史,内容包括两个胖子的表演、无能为力的唐德宗、向藩镇开炮、两个低能皇帝、最后的辉煌、可爱的唐昭宗等。
606 0  @a唐代@x历史@j通俗读物
606 0  @a唐代
606 0  @a历史
690    @aK242.09@v4
701  0 @a何文韬@AHe Wen Tao@4著
801  0 @aCN@bTSTCL@c20120604
905    @b0817371-74@dK242.09@e22@f4
    
    大唐帝国的黄昏/何文韬著.-北京:中国时代经济出版社,2011
    236页:图;24cm
    
    
    ISBN 978-7-80221-506-1:CNY28.00
    本书全景展现了中晚唐历史,内容包括两个胖子的表演、无能为力的唐德宗、向藩镇开炮、两个低能皇帝、最后的辉煌、可爱的唐昭宗等。
●
相关链接 在E读中查询图书 在五车中查询图书 在当当中查询图书 在豆瓣中查询图书


正题名:大唐帝国的黄昏     索取号:K242.09/22         预约/预借

序号 登录号 条形码 馆藏地/架位号 状态 备注
1 0817371   208173714   第二样本阅览室/ [索取号:K242.09/22] 在馆    
2 0817372   208173723   第二借阅区/ [索取号:K242.09/22] 在馆    
3 0817373   208173732   第二借阅区/ [索取号:K242.09/22] 在馆    
4 0817374   208173741   第二借阅区/ [索取号:K242.09/22] 在馆    
唐山师范学院图书馆 欢迎您!
大连网信软件有限公司© 版权所有